000 00580cam a22002051 4500
001 BD-DhSAU 6295
003 BD-DhSAU
005 20150507140613.0
008 750402s1950 maua 000 0 eng
040 _aBD-DhSAU
082 _a547
_222
_bFIT
100 1 _aFieser, Louis F.
245 0 0 _aTextbook of organic chemistry /
_cby Louis F. Fieser and Mary Fieser.
260 _aBoston :
_bHeath ,
_cc1950.
300 _aviii, 741 p.:
_bill. ;
_c25 cm.
504 _aIncludes bibliographies and index
590 _aIMRAN
650 0 _aChemistry, Organic.
700 1 _aFieser, Mary,
942 _2ddc
_cBOOK
999 _c6295
_d6295